[Event "?"]
[Site "Czech Open A, Pardubice CZE"]
[Date "2006.??.??"]
[Round "9"]
[White "Kukel, I. jr"]
[Black "Sakovich, Igor"]
[Result "1/2-1/2"]
[WhiteElo "2325"]
[BlackElo "2235"]

1. e4 c5 2. Nf3 e6 3. d4 cxd4 4. Nxd4 a6 5. Bd3 Bc5 6. Nb3 Be7 7. Be3 d6 8.
N1d2 Nf6 9. f4 Qc7 10. Qe2 Nbd7 11. g4 g6 12. O-O-O b5 13. Kb1 Bb7 14. Rhf1
Nc5 15. Bd4 Nxb3 16. Nxb3 e5 17. Bc3 Nd7 18. Qf2 f6 19. g5 O-O 20. gxf6
Rxf6 21. f5 Kh8 22. Rg1 Rg8 23. Ba5 Qc8 24. Bd2 Qf8 25. Qa7 Qa8 26. Qe3
gxf5 27. exf5 1/2-1/2

[Event "?"]
[Site "CSR Ch Rimavska Sobota SVK"]
[Date "1974.??.??"]
[Round "?"]
[White "Lanc, Alois"]
[Black "Kupka, Slavoj"]
[Result "0-1"]
[WhiteElo "2200"]
[BlackElo "2360"]

1. e4 c5 2. Nf3 e6 3. d4 cxd4 4. Nxd4 a6 5. Bd3 Bc5 6. Nb3 Bb6 7. Qe2 Nc6
8. Be3 Bxe3 9. Qxe3 Nge7 10. Nc3 Qc7 11. f4 d6 12. Qg3 O-O 13. O-O b5 14.
Qh4 Ng6 15. Qh5 f6 16. Kh1 Qf7 17. a4 b4 18. Ne2 Nge5 19. Qxf7+ Nxf7 20.
Bc4 Ra7 21. Nbd4 Nxd4 22. Nxd4 Re8 23. b3 Rc7 24. Rad1 Kf8 25. Kg1 Ke7 26.
h3 Nd8 27. Rf3 e5 28. fxe5 dxe5 29. Nf5+ Bxf5 30. Rxf5 a5 31. Rd5 Ra7 32.
Rf3 Ne6 33. c3 bxc3 34. Rxc3 Rc8 35. Rg3 g6 36. Rf3 Rc5 37. Kf2 Rcc7 38.
Rfd3 Nf4 39. g4 Nxd5 40. exd5 Kd6 41. Rf3 Rf7 42. Ke3 0-1

[Event "?"]
[Site "52nd ch-HUN w, Budapest HUN"]
[Date "2004.??.??"]
[Round "3"]
[White "Lakos, Nikoletta"]
[Black "Schneider, Veronika"]
[Result "1-0"]
[WhiteElo "2350"]
[BlackElo "2210"]

1. e4 c5 2. Nf3 e6 3. d4 cxd4 4. Nxd4 a6 5. Bd3 Bc5 6. Nb3 Be7 7. Qg4 g6 8.
O-O d6 9. Qe2 Nd7 10. a4 Ne5 11. h3 Nf6 12. Bh6 Nh5 13. f4 Nxd3 14. Qxd3 e5
15. Nc3 Nxf4 16. Bxf4 exf4 17. Rxf4 Be6 18. Nd5 Bg5 19. Rf3 O-O 20. a5 Bxd5
21. Qxd5 Qe7 22. Rd1 Rac8 23. c3 Rc6 24. Rd4 Bf6 25. Rb4 Be5 26. Nd2 Rc5
27. Qxb7 Qxb7 28. Rxb7 Rxa5 29. Nc4 Ra1+ 30. Kf2 a5 31. Ke2 a4 32. Kd3 Rd1+
33. Ke2 Rg1 34. g4 Ra1 35. Ra7 Ra2 36. Kd3 Bh2 37. Ra6 Rd8 38. Ra7 Rf8 39.
Rf1 Be5 40. Kc2 a3 41. Kb1 Rxb2+ 42. Nxb2 axb2 43. Kxb2 Rb8+ 44. Kc2 f6 45.
Rfa1 Rc8 46. R1a3 Bf4 47. Rd7 Be3 48. Rb3 Bf4 49. Rbb7 Be5 50. Rg7+ Kf8 51.
Rgc7 Rxc7 52. Rxc7 Kg8 53. Rd7 h5 54. gxh5 gxh5 55. Kb3 h4 56. c4 Kf8 57.
Ka4 Ke8 58. Rh7 Bg3 59. Kb5 Kd8 60. Kc6 Ke8 61. Rd7 1-0

[Event "?"]
[Site "FS09 IM-A Budapest HUN"]
[Date "2001.??.??"]
[Round "?"]
[White "Hajnal, Zoltan"]
[Black "Resika, Nathan A"]
[Result "1-0"]
[WhiteElo "2355"]
[BlackElo "2200"]

1. e4 c5 2. Nf3 e6 3. d4 cxd4 4. Nxd4 a6 5. Bd3 Bc5 6. Nb3 Be7 7. O-O d6 8.
Qg4 g6 9. c4 Nd7 10. Qe2 Ne5 11. Nc3 Nf6 12. f4 Nxd3 13. Qxd3 Qc7 14. Be3
Bd7 15. e5 dxe5 16. fxe5 Ng4 17. Bd4 f5 18. h3 Nh6 19. Nd5 exd5 20. cxd5
Bb5 21. Qe3 Bxf1 22. d6 Qc6 23. Rxf1 Nf7 24. dxe7 Kxe7 25. e6 Qxe6 26. Bc5+
Nd6 27. Bxd6+ Kf7 28. Qxe6+ Kxe6 29. Bf4 Rac8 30. Rd1 Rhe8 31. Rd6+ Kf7 32.
Rb6 Re7 33. Bd6 Rd7 34. Na5 Rc1+ 35. Kh2 Rc2 36. Nxb7 f4 37. Bxf4 Rd4 38.
Bg5 Rd5 39. h4 Re5 40. Nd6+ Kf8 41. Bf6 1-0

[Event "?"]
[Site "BL2-S9192 GER"]
[Date "1992.??.??"]
[Round "?"]
[White "Syska, Albert"]
[Black "Vatter, Hans-Joachim"]
[Result "1-0"]
[WhiteElo "2275"]
[BlackElo "2280"]

1. e4 c5 2. Nf3 e6 3. d4 cxd4 4. Nxd4 a6 5. Bd3 Bc5 6. Nb3 Bb6 7. Qe2 Ne7
8. Nc3 O-O 9. Be3 Nbc6 10. O-O-O d5 11. exd5 exd5 12. Bxb6 Qxb6 13. Qh5 g6
14. Qh4 Be6 15. Rhe1 Rac8 16. Kb1 Rfe8 17. g4 Qb4 18. h3 Na5 19. a3 Qb6 20.
Na4 Qd8 21. Nac5 Nxb3 22. Nxb3 d4 23. Re4 Bxb3 24. cxb3 Nc6 25. g5 Qd5 26.
b4 Re5 27. Rxe5 Qxe5 28. f4 Qd5 29. f5 gxf5 30. Qf2 Ne7 31. Re1 Rc7 32. h4
Kf8 33. h5 Rc6 34. Qf4 Qd6 35. Re5 Qd7 36. b5 Re6 37. Bxf5 Nxf5 38. Qxf5
axb5 39. g6 hxg6 40. hxg6 Rd6 41. Qh5 fxg6 42. Qh8+ Kf7 43. Rc5 d3 44. Rc1
Qf5 45. Rc7+ Ke6 46. Qg8+ Ke5 47. Rc5+ Ke4 48. Rxf5 gxf5 49. Kc1 d2+ 50.
Kd1 f4 51. Qe8+ Kf3 52. Qxb5 Rd4 53. Qxb7+ Ke3 54. Qb3+ Ke4 55. Qe6+ Kd3
56. Qe2# 1-0

[Event "?"]
[Site "zt"]
[Date "2005.??.??"]
[Round "5"]
[White "Giaccio, Alfredo"]
[Black "Flores, Ma"]
[Result "1-0"]
[WhiteElo "2465"]
[BlackElo "2090"]

1. e4 c5 2. Nf3 e6 3. d4 cxd4 4. Nxd4 a6 5. Bd3 Bc5 6. Nb3 Be7 7. f4 d6 8.
Qe2 Nd7 9. c4 Ngf6 10. Nc3 b6 11. Be3 Bb7 12. O-O Qc7 13. Rac1 Rc8 14. Nd2
Qb8 15. a3 O-O 16. b4 Rc7 17. Bd4 e5 18. fxe5 dxe5 19. Be3 Rfc8 20. Nb3 Qa8
21. Nd5 Bxd5 22. exd5 a5 23. Bd2 a4 24. Nd4 exd4 25. Qxe7 Nc5 26. Qe2 Nxd3
27. Qxd3 b5 28. Rxf6 bxc4 29. Qg3 Kh8 30. d6 Rd7 31. Qe5 Kg8 32. Qxd4 Rcd8
33. Bc3 Qc6 34. Rf4 f6 35. Qxc4+ 1-0

[Event "?"]
[Site "Caissa IM August, Kecskemet HU"]
[Date "2005.??.??"]
[Round "2"]
[White "Kjartansson, David"]
[Black "Erdelyi, Tamas"]
[Result "0-1"]
[WhiteElo "2280"]
[BlackElo "2275"]

1. e4 c5 2. Nf3 e6 3. d4 cxd4 4. Nxd4 a6 5. Bd3 Bc5 6. Nb3 Be7 7. Nc3 d6 8.
Qe2 Qc7 9. Bd2 Nc6 10. O-O-O b5 11. a3 Nf6 12. g4 b4 13. axb4 Nxb4 14. g5
Nd7 15. f4 Bb7 16. Kb1 Nxd3 17. Qxd3 O-O 18. Rhe1 Rfb8 19. Qh3 Nf8 20. f5
e5 21. Rg1 a5 22. f6 Bd8 23. fxg7 Ng6 24. Qh6 a4 25. Nc1 Qc4 26. Rde1 Ba5
27. Rg3 Bc8 28. N1a2 Ra7 29. Bc1 Rab7 30. Ka1 Be6 31. Ree3 Bxc3 32. Nxc3
Qf1 33. Ne2 Rxb2 0-1

[Event "?"]
[Site "Serpukhov-A"]
[Date "2002.??.??"]
[Round "?"]
[White "Bryzgalin, Kirill"]
[Black "Papin, Vasily"]
[Result "1-0"]
[WhiteElo "2395"]
[BlackElo "2160"]

1. e4 c5 2. Nf3 e6 3. d4 cxd4 4. Nxd4 a6 5. Bd3 Bc5 6. Nb3 Be7 7. O-O d6 8.
Qg4 g6 9. c4 Nf6 10. Qe2 O-O 11. Nc3 Nc6 12. Rd1 Qc7 13. Bh6 Re8 14. Rac1
Ne5 15. Bg5 Bd7 16. f3 Rac8 17. Nb1 Qb8 18. Bf4 Nh5 19. Be3 f5 20. exf5
exf5 21. Qf2 Be6 22. Na3 Bf7 23. Bf1 Nf6 24. Bd4 Nc6 25. Bc3 Nh5 26. Qd2
Ne5 27. Bd4 Ng7 28. Be3 Rcd8 29. Nd4 d5 30. c5 Bf6 31. Bg5 Bxg5 32. Qxg5
Nc6 33. Nac2 Nxd4 34. Nxd4 Rc8 35. b4 Qa7 36. a3 b6 37. c6 Ne6 38. Nxe6
Rxe6 39. Rxd5 b5+ 40. Kh1 Rcxc6 41. Rdc5 Rxc5 42. bxc5 Qc7 43. h4 f4 44.
Kh2 Kg7 45. Bd3 Rf6 1-0

[Event "?"]
[Site "4th It Sao Jose de Rio Preto B"]
[Date "2005.??.??"]
[Round "8"]
[White "Oliveira, Si"]
[Black "Bachmann, Ax"]
[Result "0-1"]
[WhiteElo "2240"]
[BlackElo "2310"]

1. e4 c5 2. Nf3 e6 3. d4 cxd4 4. Nxd4 a6 5. Bd3 Bc5 6. Nb3 Be7 7. O-O d6 8.
Nc3 Qc7 9. f4 Nc6 10. Be3 Nf6 11. Qf3 h5 12. h3 Bd7 13. Qf2 b5 14. a3 h4
15. Nd4 Nh5 16. Nxc6 Bxc6 17. Bd4 Ng3 18. Rfe1 e5 19. fxe5 dxe5 20. Bc5 Bb7
21. Bxe7 Qxe7 22. Nd5 Bxd5 23. exd5 O-O 24. c4 bxc4 25. Bxc4 Qd6 26. Rac1
Rac8 27. Qe3 e4 28. b4 f5 29. Qg5 f4 30. Qxh4 Qb6+ 31. Kh2 Rxc4 32. Rxc4
Qf2 33. Rcxe4 Nf1+ 34. Rxf1 Qxh4 35. Rf3 Qg5 36. d6 Qd5 37. Rexf4 Qxd6 38.
g3 Qd2+ 39. Kg1 Rc8 40. Rf2 Rc1+ 41. Rf1 Rc3 42. R4f3 Qd4+ 43. Kg2 Qd5 0-1

[Event "?"]
[Site "Bresil eme championnat)"]
[Date "2004.??.??"]
[Round "70"]
[White "Benares, Ricardo"]
[Black "Rocha Jorge, W"]
[Result "1-0"]
[WhiteElo "2295"]
[BlackElo "2255"]

1. e4 c5 2. Nf3 e6 3. d4 cxd4 4. Nxd4 a6 5. Bd3 Bc5 6. Nb3 Be7 7. Qg4 g6 8.
Nc3 d6 9. Qg3 Nd7 10. h4 Ngf6 11. Bh6 b6 12. f4 Qc7 13. Qf3 Bb7 14. Qe2 b5
15. O-O-O Rg8 16. g4 b4 17. Nb1 Nc5 18. Nxc5 Qxc5 19. Bg5 Nd7 20. Bxe7 Kxe7
21. Nd2 Rac8 22. Kb1 a5 23. g5 a4 24. h5 a3 25. Nb3 Qa7 26. hxg6 hxg6 27.
Bb5 Bc6 28. Nd4 Qc5 29. Nxc6+ Rxc6 30. Bxc6 Qxc6 31. f5 gxf5 32. exf5 Rxg5
33. fxe6 Re5 34. Qd2 Rxe6 35. Qxb4 axb2 36. Qh4+ Ke8 37. Rhg1 Nf6 38. Rde1
Qf3 39. Rxe6+ fxe6 40. Qh8+ Kd7 41. Rg7+ Kc6 42. Qa8+ 1-0

[Event "?"]
[Site "Open Pula CRO"]
[Date "2000.??.??"]
[Round "?"]
[White "Zufic, Miroslav"]
[Black "Soln, Primoz"]
[Result "0-1"]
[WhiteElo "2170"]
[BlackElo "2380"]

1. e4 c5 2. Nf3 e6 3. d4 cxd4 4. Nxd4 a6 5. Bd3 Bc5 6. Nb3 Be7 7. O-O d6 8.
c4 Nc6 9. f4 Nf6 10. Nc3 O-O 11. Qe2 Qc7 12. Bd2 Rd8 13. Rae1 Nd7 14. Nd5
exd5 15. exd5 Re8 16. dxc6 bxc6 17. Bc3 Nf8 18. f5 Bd7 19. Qg4 f6 20. Qh5
d5 21. c5 a5 22. a4 Qa7 23. Bd4 Rab8 24. Bc2 Rb4 25. Kh1 Qb8 26. Re3 Rxd4
27. Nxd4 Bxc5 28. Rfe1 Rxe3 29. Rxe3 Qxb2 0-1

[Event "?"]
[Site "Zalakaros Open"]
[Date "1998.??.??"]
[Round "?"]
[White "Meszaros, Tamas"]
[Black "Forintos, Gyozo V"]
[Result "0-1"]
[WhiteElo "2150"]
[BlackElo "2395"]

1. e4 c5 2. Nf3 e6 3. d4 cxd4 4. Nxd4 a6 5. Bd3 Bc5 6. Nb3 Be7 7. O-O d6 8.
Nc3 Nf6 9. f4 Qb6+ 10. Kh1 h5 11. Qf3 Ng4 12. Bd2 Nc6 13. a4 Bd7 14. a5 Qc7
15. Na4 Bf6 16. Nb6 Rd8 17. Nc4 Ne7 18. Rae1 Bc6 19. Bb4 Ng6 20. Qe2 e5 21.
fxe5 N6xe5 22. Rd1 Rd7 23. Nb6 Rd8 24. h3 Nh6 25. Qxh5 Neg4 26. hxg4 g6 27.
Qh3 Nxg4 28. Rf3 d5 29. e5 Qxe5 30. Re1 Rxh3+ 31. gxh3 d4 32. hxg4 Bxf3+
33. Kg1 Bxg4 34. Rxe5+ Bxe5 35. Nc5 Bf3 36. Kf2 Bc6 37. Bd2 Ke7 38. b4 f5
39. Bg5+ Bf6 40. Bxf6+ Kxf6 41. Be2 Rh8 42. Nbd7+ Kg7 43. Ne5 Rh2+ 44. Ke1
Bd5 45. Nf3 Rh1+ 46. Kd2 Rb1 47. Nd3 Be4 48. c3 dxc3+ 49. Kxc3 Kf6 50. Nd2
Bxd3 51. Bxd3 Rc1+ 52. Kd4 g5 53. Nb3 Re1 54. Bc4 Re4+ 55. Kd3 g4 56. Nd2
Rf4 57. b5 axb5 58. Bxb5 g3 59. a6 bxa6 60. Bc6 Rf2 61. Ke3 f4+ 62. Kd3 Ke5
63. Nf3+ Kd6 64. Bb7 g2 65. Ng1 Ke5 66. Nh3 Rb2 67. Bc6 Rb3+ 0-1

[Event "?"]
[Site "Torch Real Estate Cup ;The Wee"]
[Date "2005.??.??"]
[Round "3"]
[White "Kang Chuanqi"]
[Black "Sun Chuyao"]
[Result "0-1"]
[WhiteElo "2325"]
[BlackElo "2220"]

1. e4 c5 2. Nf3 e6 3. d4 cxd4 4. Nxd4 a6 5. Bd3 Bc5 6. Nb3 Be7 7. Nc3 d6 8.
O-O b6 9. Qg4 g6 10. f4 Nd7 11. Qe2 Qc7 12. f5 Ne5 13. fxe6 fxe6 14. Kh1
Nf6 15. Bh6 Nfg4 16. Bd2 h5 17. Nd4 h4 18. h3 Nf6 19. Bf4 g5 20. Bxg5 Nh5
21. Bf4 Nxd3 22. cxd3 e5 23. Nd5 Qb7 24. Bh2 exd4 25. Rac1 Bd8 26. Bxd6
Ng3+ 27. Bxg3 hxg3 28. Qf3 Qg7 29. Rc6 Bd7 30. Rd6 Rc8 31. Kg1 Rc2 32. e5
Rf2 33. Nf6+ Bxf6 34. exf6 Rxf3 35. fxg7 Rxf1+ 36. Kxf1 Rg8 37. Rg6 Kf7 38.
Rxb6 Bb5 39. Rb7+ Kg6 40. Ke2 Re8+ 41. Kd2 Kh7 42. a4 Bc6 43. Rb4 Bxg2 44.
Rxd4 Bf3 45. g8=Q+ Rxg8 0-1

[Event "?"]
[Site "IMA, Brno CZE"]
[Date "2004.??.??"]
[Round "7"]
[White "Holusova, Tana"]
[Black "Orsag, Milan"]
[Result "0-1"]
[WhiteElo "2150"]
[BlackElo "2390"]

1. e4 c5 2. Nf3 e6 3. d4 cxd4 4. Nxd4 a6 5. Bd3 Bc5 6. Nb3 Be7 7. O-O d6 8.
a4 Nf6 9. Qe2 Qc7 10. f4 Nbd7 11. Kh1 b6 12. Nc3 Bb7 13. Bd2 O-O 14. Rae1
e5 15. Rf3 Rfe8 16. Rh3 Bf8 17. Qf2 g6 18. f5 Bg7 19. Qg3 Rac8 20. Bg5 Qd8
21. Nd2 Qe7 22. Bc4 gxf5 23. exf5 Kh8 24. Qh4 Rg8 25. Bd3 Bf8 26. Nde4 Rxg5
27. Nxg5 h6 28. Bc4 d5 29. Bb3 Kg8 30. Nf3 Bg7 31. Rg3 Kf8 32. Nd2 e4 33.
Ne2 Qe5 34. c3 Nc5 35. Nd4 Re8 36. Nf1 Nxb3 37. Nxb3 Qxf5 38. Ne3 Bc8 39.
Rf1 Qe5 40. Nd4 Nh5 41. Rxg7 Nxg7 42. Qxh6 Kg8 43. Qxb6 Qg5 44. Ndc2 Nh5
45. Qc6 Rd8 46. Qc7 Be6 47. b4 Rc8 48. Qb6 Rxc3 49. Qd4 Rd3 50. Qc5 Qh4 51.
Kg1 Nf4 52. Rd1 Ne2+ 53. Kf1 Qf4+ 54. Ke1 Rc3 55. Qe7 Rxe3 56. Nxe3 Qxe3
57. Kf1 Bg4 58. Qe8+ Kg7 59. Qe5+ Kh7 0-1

[Event "?"]
[Site "Aeskulap op15"]
[Date "1998.??.??"]
[Round "?"]
[White "Bindrich, Oswald"]
[Black "Dobosz, Henryk"]
[Result "1/2-1/2"]
[WhiteElo "2130"]
[BlackElo "2410"]

1. e4 c5 2. Nf3 e6 3. d4 cxd4 4. Nxd4 Qb6 5. Nc3 Bc5 6. Be3 Nc6 7. Ndb5
Bxe3 8. fxe3 Nf6 9. Nd6+ Ke7 10. Nc4 Qc5 11. Na4 Qg5 12. Qd6+ Kd8 13. Nc3
Ne8 14. Qf4 Qxf4 15. exf4 b6 16. O-O-O Ke7 17. Be2 Ba6 18. Ne5 Nxe5 19.
Bxa6 Nc7 20. Be2 Nc6 21. Rd2 Rhd8 22. Rf1 d6 23. Rf3 Rac8 24. Rh3 h6 25.
Rg3 g6 26. Rh3 h5 27. Re3 Na5 28. b4 Nc6 29. a3 Nb8 30. Kb2 a6 31. Na4 Nd7
32. c4 b5 33. Nc3 bxc4 34. Bxc4 Nb6 35. Be2 Ra8 36. Kb3 a5 37. b5 Nd7 38.
a4 Nb6 39. Bf1 Rac8 40. Nd1 d5 41. Nb2 dxe4 42. Rxd8 Rxd8 43. Rxe4 Ncd5 44.
g3 Nf6 45. Re2 Rd4 46. Rc2 Nfd5 47. Nc4 Nxc4 48. Rxc4 Rxc4 49. Bxc4 Nb6 50.
Be2 Kd6 51. Bd1 Nd5 52. Bf3 Nb6 53. Bd1 e5 54. fxe5+ Kxe5 55. Kc3 Ke4 56.
Bb3 f5 57. Bf7 Nxa4+ 1/2-1/2

[Event "?"]
[Site "Condom Open 1st"]
[Date "2002.??.??"]
[Round "?"]
[White "Lemoine, Benoit"]
[Black "Santo Roman, Marc"]
[Result "0-1"]
[WhiteElo "2125"]
[BlackElo "2415"]

1. e4 c5 2. Nf3 e6 3. d4 cxd4 4. Nxd4 Qb6 5. Nc3 Bc5 6. Na4 Qa5+ 7. c3 Be7
8. a3 Nc6 9. b4 Qc7 10. f4 Nxd4 11. Qxd4 d6 12. Be3 Bd7 13. b5 Nf6 14. Be2
e5 15. Qd3 exf4 16. Bxf4 a6 17. c4 axb5 18. Nb2 b4 19. a4 Bc6 20. Bf3 Nd7
21. c5 Nxc5 22. Qc2 Ne6 23. Bg3 Nd4 24. Qd3 Nxf3+ 25. gxf3 O-O 26. O-O b5
27. axb5 Qb6+ 28. Bf2 Qxb5 29. Qd2 Ra3 30. Rac1 Rxf3 31. Rc4 d5 32. Rxc6
Qxc6 33. exd5 Qc3 34. Qxc3 bxc3 35. Nc4 Rd3 36. Rc1 Rc8 37. Nb6 Rd8 38. Kf1
Bg5 39. Rc2 Be3 40. Ke2 Bxf2 41. Kxf2 Rd2+ 42. Rxd2 cxd2 43. Ke2 Rd6 44.
Nc8 d1=Q+ 0-1

[Event "?"]
[Site "37th Olympiad w, Turin ITA"]
[Date "2006.??.??"]
[Round "11"]
[White "Moncayo Romero, Evelyn"]
[Black "Sharevich, Anna"]
[Result "0-1"]
[WhiteElo "2260"]
[BlackElo "2280"]

1. e4 c5 2. Nf3 e6 3. d4 cxd4 4. Nxd4 a6 5. Bd3 Bc5 6. Nb3 Be7 7. O-O d6 8.
Qe2 Nf6 9. Nc3 Qc7 10. f4 O-O 11. e5 Nfd7 12. exd6 Bxd6 13. Ne4 Be7 14. Bd2
Nf6 15. Bc3 Nbd7 16. Rf3 g6 17. Ng5 b5 18. Raf1 Nd5 19. Bd2 N7f6 20. Rh3 h5
21. Rg3 Ng4 22. h3 Bxg5 23. hxg4 Bxf4 24. Rgf3 Bh2+ 25. Kh1 hxg4 26. Bxg6
gxf3 27. Qxf3 f5 28. Nd4 Qg7 29. Nxf5 Rxf5 30. Bxf5 Be5 31. Bg6 Ra7 32. Qh5
Qh8 33. Bh6 Bf6 34. Bf7+ Rxf7 35. Qg6+ Rg7 36. Qe8+ Kh7 37. Qh5 Qd8 38. Rf3
Kg8 39. Bxg7 Kxg7 40. Rg3+ Kf8 41. Qh7 Bg5 42. Qh8+ Kf7 43. Qh7+ Kf6 44.
Rf3+ Nf4 45. Kh2 e5 46. Rc3 Bf5 47. Rc6+ Ne6 48. Qh5 Qa8 49. Qf3 Qh8+ 50.
Kg1 Bf4 51. g3 Qh3 52. Rxa6 Bxg3 53. Rb6 Bh2+ 54. Kf2 Bg1+ 0-1

[Event "?"]
[Site "37th Olympiad w, Turin ITA"]
[Date "2006.??.??"]
[Round "9"]
[White "Fakhiridou, Ekaterini"]
[Black "Vasquez Ramirez, Rocio"]
[Result "1-0"]
[WhiteElo "2290"]
[BlackElo "2250"]

1. e4 c5 2. Nf3 e6 3. d4 cxd4 4. Nxd4 a6 5. Nc3 Bc5 6. Be3 d6 7. Qd2 Nf6 8.
f3 b5 9. O-O-O Bb7 10. Kb1 Nbd7 11. Nb3 O-O 12. g4 Bxe3 13. Qxe3 b4 14. Ne2
d5 15. e5 Ne8 16. Ned4 a5 17. h4 a4 18. Nc1 Nc7 19. g5 Qe7 20. Bh3 Nc5 21.
Rhg1 Rfc8 22. Rg4 Ne8 23. Bf1 Ba6 24. Bxa6 Rxa6 25. Nd3 Nxd3 26. Qxd3 Rb6
27. f4 a3 28. b3 Rc3 29. Qe2 Qc5 30. Rd3 Nc7 31. Rgg3 Rxd3 32. Rxd3 Nb5 33.
Nxb5 Rxb5 34. h5 Rb8 35. Qe3 Qxe3 36. Rxe3 Rc8 37. Kc1 Rc6 38. Kd2 f5 39.
c3 Rb6 40. g6 hxg6 41. hxg6 Kf8 42. Rh3 Kg8 43. cxb4 d4 44. Kd3 Rxb4 45.
Rh1 Kf8 46. Rh8+ 1-0

[Event "?"]
[Site "Tch-FIN 2004-5 ;The Week in Ch"]
[Date "2004.??.??"]
[Round "2"]
[White "Pulkkinen, Kari"]
[Black "Luukkonen, Tommi"]
[Result "0-1"]
[WhiteElo "2315"]
[BlackElo "2225"]

1. e4 c5 2. Nf3 e6 3. d4 cxd4 4. Nxd4 a6 5. Bd3 Bc5 6. Nb3 Be7 7. c4 d6 8.
Nc3 Nf6 9. O-O Qc7 10. Qe2 O-O 11. f4 Nbd7 12. Bd2 b6 13. Rae1 Bb7 14. e5
Ne8 15. Kh1 Rd8 16. Bb1 Rc8 17. Bd3 g6 18. Nd4 Rd8 19. Nf3 Ng7 20. Be4 dxe5
21. fxe5 Nc5 22. Bxb7 Qxb7 23. Bg5 Nf5 24. Rd1 Nd4 25. Nxd4 Bxg5 26. b4 Nd7
27. Ne4 Be7 28. Nd6 Bxd6 29. exd6 e5 30. Nb3 e4 31. c5 Rfe8 32. Rf4 e3 33.
Rd3 Re5 34. Rc4 bxc5 35. bxc5 Qb5 36. Rdc3 Nxc5 37. Nd4 Qb6 38. Nf3 Ne4 39.
Rc1 Re6 40. Rc6 Qb5 41. Qc2 e2 42. a4 Qd3 43. Rc8 Rxc8 44. Qxc8+ Kg7 45. h3
Qd1+ 46. Kh2 Qxd6+ 47. Kg1 Qd1+ 48. Kh2 Rf6 49. Qc7 Nd2 50. Ne1 Nb3 0-1

[Event "?"]
[Site "3rd Open, La Fere FRA"]
[Date "2004.??.??"]
[Round "1"]
[White "Cardon, Helmut"]
[Black "Minet, S"]
[Result "1-0"]
[WhiteElo "2385"]
[BlackElo "2150"]

1. d4 e6 2. e4 c5 3. Nf3 cxd4 4. Nxd4 Bc5 5. Nc3 Qb6 6. Na4 Qa5+ 7. Nc3 Bb4
8. Bd2 Qe5 9. Nf3 Qc7 10. Nb5 Bxd2+ 11. Qxd2 Qc6 12. Nd6+ Ke7 13. O-O-O Nf6
14. Qg5 h6 15. Qxg7 Rh7 16. Qg3 Na6 17. e5 Nb4 18. exf6+ Kf8 19. Bd3 1-0

[Event "?"]
[Site "Europe (championnat U18 femini"]
[Date "2003.??.??"]
[Round "?"]
[White "Bronnikova, Elizaveta"]
[Black "Kursova, Maria"]
[Result "0-1"]
[WhiteElo "2270"]
[BlackElo "2260"]

1. e4 c5 2. Nf3 e6 3. d4 cxd4 4. Nxd4 a6 5. Bd3 Bc5 6. Nb3 Be7 7. Nc3 d6 8.
O-O Nf6 9. f4 Nc6 10. Be3 Qc7 11. Qf3 O-O 12. Rae1 Re8 13. g4 Nd7 14. g5 b5
15. Qh5 g6 16. Qh3 Bf8 17. Qh4 b4 18. Ne2 Bg7 19. Rf3 Bxb2 20. Rh3 Nf8 21.
Nd2 Bh8 22. Rf1 d5 23. f5 exf5 24. exf5 Ne5 25. Qg3 Qb7 26. Nd4 Bd7 27. Rh4
Nxd3 28. cxd3 Be5 29. Qg2 Bxh2+ 30. Qxh2 Rxe3 31. Qf4 Re7 32. f6 Ree8 33.
Rh2 Qb8 34. Qh4 h5 35. gxh6 Nh7 36. Rg2 Re3 37. N2f3 Qb6 38. Qh5 Rxf3 39.
Rxf3 Qxd4+ 40. Kh2 Kh8 0-1

[Event "?"]
[Site "B Goetzis"]
[Date "1996.??.??"]
[Round "?"]
[White "Feher, Gyula"]
[Black "Welsh, Michael"]
[Result "1-0"]
[WhiteElo "2375"]
[BlackElo "2155"]

1. e4 c5 2. Nf3 e6 3. d4 cxd4 4. Nxd4 a6 5. Bd3 Bc5 6. Nb3 Be7 7. O-O Nc6
8. c4 Nf6 9. Nc3 b6 10. Be3 d6 11. Rc1 Bb7 12. f4 O-O 13. Bb1 Rc8 14. Qf3
Nb8 15. Nd2 Nbd7 16. Qh3 g6 17. b3 Re8 18. Nf3 Nh5 19. g4 Ng7 20. Ng5 Nf8
21. Qh6 f5 22. gxf5 exf5 23. Qh3 fxe4 24. Bxe4 Bxe4 25. Ngxe4 Nf5 26. Bf2
Ne6 27. Nd5 Nc5 28. Rfe1 b5 29. Nef6+ Kf8 30. Nxe8 Qxe8 31. Nxe7 Nxe7 32.
Rxe7 Qxe7 33. Qxc8+ Kf7 34. Re1 1-0

[Event "?"]
[Site "34th World Open, Philadelphia USA"]
[Date "2006.??.??"]
[Round "9"]
[White "Swathi, Ghate"]
[Black "Cadman, Chuck"]
[Result "1-0"]
[WhiteElo "2260"]
[BlackElo "2270"]

1. e4 c5 2. Nf3 e6 3. d4 cxd4 4. Nxd4 a6 5. Bd3 Bc5 6. Nb3 Be7 7. O-O d6 8.
c4 Nf6 9. Nc3 Nbd7 10. Be3 b6 11. f3 Bb7 12. Rc1 O-O 13. Nd4 Qc7 14. b3
Rad8 15. Qe2 Qb8 16. Rfd1 Rfe8 17. Qf2 Nc5 18. Bb1 1-0

[Event "4. ch-Mediterranean"]
[Site "Cannes FRA"]
[Date "2007.02.18"]
[Round "2"]
[White "Khairallah, Faisal"]
[Black "Garcia, Raul"]
[Result "1-0"]
[WhiteElo "2293"]
[BlackElo "2233"]

1. e4 c5 2. Nf3 e6 3. d4 cxd4 4. Nxd4 a6 5. Bd3 Bc5 6. Nb3 Be7 7. Qg4 g6 8.
Qe2 d6 9. Nc3 Nd7 10. O-O Qc7 11. f4 Ngf6 12. Kh1 b6 13. Bd2 Bb7 14. Nd4
Nc5 15. Nf3 O-O 16. f5 Nxd3 17. cxd3 exf5 18. exf5 Rfe8 19. Qf2 Qc5 20.
fxg6 hxg6 21. Be3 Qf5 22. Bxb6 Qxd3 23. Ng5 Rf8 24. Bd4 Ng4 25. Qh4 Bxg5
26. Qh8# 1-0

[Event "?"]
[Site "ICS Rated standard match"]
[Date "1998.??.??"]
[Round "?"]
[White "Hossa"]
[Black "robbok1"]
[Result "0-1"]
[WhiteElo "2135"]
[BlackElo "2390"]

1. e4 c5 2. Nf3 Nc6 3. Nc3 e6 4. d4 cxd4 5. Nxd4 Bc5 6. Be3 Qb6 7. Na4 Qa5+
8. c3 Bxd4 9. Bxd4 Nxd4 10. Qxd4 e5 11. Qc4 d6 12. Qb5+ Qxb5 13. Bxb5+ Bd7
14. Bxd7+ Kxd7 15. c4 Nf6 16. Nc3 a6 17. a4 b5 18. Nd5 Nxd5 19. cxd5 bxa4
20. Rxa4 Rhb8 21. b4 a5 22. Ke2 Rxb4 23. Rxb4 axb4 24. Rb1 Ra2+ 25. Ke3 Ra4
26. g4 Kc7 27. h4 Kb6 28. g5 Ra3+ 29. Kd2 Kc5 30. h5 Kc4 31. Rb2 b3 32. h6
gxh6 33. g6 hxg6 34. Rb1 Ra2+ 0-1

[Event "?"]
[Site "Oceania zt Auckland NZL ;The W"]
[Date "2005.??.??"]
[Round "9"]
[White "Xie, George"]
[Black "Guthrie, A"]
[Result "1-0"]
[WhiteElo "2355"]
[BlackElo "2170"]

1. e4 c5 2. Nf3 e6 3. d4 cxd4 4. Nxd4 a6 5. Bd3 Bc5 6. Nb3 Be7 7. O-O d6 8.
Nc3 Nd7 9. f4 b6 10. Qg4 Ngf6 11. Qxg7 Rg8 12. Qh6 Bb7 13. f5 e5 14. Qe3
Qc7 15. a4 O-O-O 16. Qe2 Nb8 17. Rf3 h5 18. Kh1 d5 19. exd5 Rxd5 20. Nxd5
Bxd5 21. Rg3 Rxg3 22. hxg3 e4 23. Bxa6+ Nxa6 24. Qxa6+ Bb7 25. Qf1 Qxg3 26.
Bf4 Qh4+ 27. Kg1 e3 28. Rd1 Qg4 29. Re1 e2 30. Qxe2 Qxf4 31. Qxe7 Ne4 32.
Re2 Qg4 33. Nd4 1-0

[Event "?"]
[Site "37th Olympiad w, Turin ITA"]
[Date "2006.??.??"]
[Round "13"]
[White "Berzina, Ilze"]
[Black "Vasquez Ramirez, Rocio"]
[Result "1-0"]
[WhiteElo "2275"]
[BlackElo "2250"]

1. e4 c5 2. Nf3 e6 3. d4 cxd4 4. Nxd4 a6 5. Nc3 Bc5 6. Nb3 Be7 7. g3 b5 8.
Bg2 Bb7 9. O-O b4 10. Nb1 Nc6 11. Be3 d6 12. a3 a5 13. axb4 axb4 14. N1d2
Nf6 15. Qe2 O-O 16. Rxa8 Bxa8 17. Ra1 d5 18. Qb5 Ne5 19. Bd4 Ng6 20. e5 Qd7
21. Qe2 Ne8 22. Rxa8 1-0

[Event "?"]
[Site "ol women Bled SLO"]
[Date "2002.??.??"]
[Round "?"]
[White "Zsiltzova-Lisenko, Lubov"]
[Black "Koskoska, Gabriela"]
[Result "1-0"]
[WhiteElo "2270"]
[BlackElo "2250"]

1. e4 c5 2. Nf3 e6 3. d4 cxd4 4. Nxd4 Qb6 5. Nc3 Bc5 6. Na4 Qa5+ 7. c3 Bxd4
8. Qxd4 e5 9. Qd1 Nf6 10. Bd3 d5 11. b4 Qd8 12. exd5 Qxd5 13. O-O O-O 14.
Be2 Qc6 15. Bg5 Nbd7 16. c4 h6 17. Be3 b6 18. Qb3 Bb7 19. f3 Qe6 20. Nc3
Rfd8 21. Rad1 Nf8 22. Nb5 Rxd1 23. Rxd1 Ne8 24. a4 Ng6 25. Bf1 Nh4 26. Qd3
Nf5 27. Bf2 Bc6 28. Nc3 Nf6 29. b5 e4 30. fxe4 Bxe4 31. Nxe4 Nxe4 32. Qd5
Qxd5 33. Rxd5 g6 34. g4 Ng7 35. Bg2 Nxf2 36. Kxf2 Rc8 37. Bf1 Rc7 38. a5
bxa5 39. c5 Ne6 40. c6 Kf8 41. Rd2 Ke7 42. Ra2 Kd6 43. Rxa5 Kc5 44. Ra1 Nd4
45. Re1 Ne6 46. Kf3 Nd4+ 47. Kf4 g5+ 48. Kg3 Kb6 49. Re8 Kc5 50. Kf2 f5 51.
gxf5 Rf7 52. Bd3 a6 53. bxa6 Nxc6 54. Ke3 Nb4 55. Re5+ Kb6 56. Bc4 Rf8 57.
Rb5+ Kxa6 58. Rxb4+ Ka5 59. Rb5+ Ka4 60. Re5 Kb4 61. Bd3 h5 62. Re6 Kc5 63.
Rh6 Re8+ 64. Be4 Rb8 65. Rxh5 Rb3+ 66. Bd3 1-0